00960 a2200205 45000010006000000050017000060080041000230030015000640400040000790800022001192450220001410200022003612640034003833000027004175050214004440410008006581000022006666500034006886500032007222471720260407155530.0260407a1998 arg spa dAR-UNSa-BCEJYS aAR-UNSa-BCEJYSbspacAR-UNSa-BCEJYS a657xContabilidad10aContabilidad para el siglo XXIpla debacle de la RT 10, las presiones para adaptar las normas argentinas a las internacionales y los rasgos de la economía global exigen un nuevo replanteo de la técnica contable. a978-950-739-621-2 1aBuenos Aires :bErreparc1998 axxviii, 434 p.c27 cm. a1. Introducción.modelos contables - 2. Conversión de la unidad de medida - 3. Cuestiones de valuación y determinación de resultados - 4. Cuestiones de exposición - 5. Análisis de estados contables. aspa1 aZgaib, Alfredo O. aResolución Técnica Nº 10 a resolucion tecnica nº 10